000 01060cam a2200205 4500
001 WB3845-22
008 021204n2002 000 0 eng u
035 _a(Sirsi) u120676
245 _aElectronic supply of rental information
260 _c2002
490 _aValuation Office Agency Press Release
_v2 December 2002, (1)
520 _aThe Valuation Office Agency (VOA) is launching a new scheme for businesses and agents to simplify the provision of statutory rental information on their properties. The Multiple Electronic Rental Information (MERI) system will enable ratepayers and their representatives to supply rental information electronically and for multiple properties to be included in one file. Rental information for non-domestic properties is required for the 2005 rating revaluation. www.voa.gov.uk/rating/supply_of_rental_info.htm
590 _aWB
650 _aVALUATION OFFICE AGENCY
650 _aRENTS
650 _aRATING REVALUATION
650 _aELECTRONIC INFORMATION
690 _aRATING AND LOCAL TAXATION
942 _n0
999 _c71712
_d71712